Todos los jugadores españoles del Madrid Atlético de Madrid y Barça - Estadísticas

Estadísticas generales
  • Esta prueba ha sido intentada 101 veces
  • La puntuación promedio es 18 de 28
Estadísticas de respuestas
Equipo Respuesta % Correcto
DEF Pau Cubarsí
91%
MC Pedro gonzález
90%
ED Lamine Yamal
89%
LI Alejandro Balde
86%
POR Joan García
86%
MC Pablo Páez Gavira
84%
DC Ferran Torres
80%
MC Jorge Resurrección
80%
MCO Fermín lópez
78%
LD Daniel Carvajal
76%
LD Marcos Llorente
76%
MC Pablo Barrios
76%
DEF Eric García
71%
LI Álvaro Carreras
66%
MCO Daniel Olmo
65%
PIV Marc Casadó
63%
PIV Marc Bernal
62%
EI Álex Baena
58%
LI Gerard Martín
58%
LI Fran garcía
52%
DC Gonzalo García
52%
DEF Dean Huijsen
51%
LI Javi Galán
48%
MC Daniel Ceballos
43%
LD Marc Pubil
43%
DEF Raúl Asencio
34%
ED Brahim Díaz
20%
EI Carlos Martín
18%
No se encontraron pruebas coincidentes
Distribución de puntuación
Porcentaje de gente con cada puntuación
Porcentaje por número respondido
Historial de tus puntuaciones
No has intentado esta prueba.